000 00627cab a2200217 4500
001 WB3225-20
008 090401t1996 xxu||||| |||| 00| 0 eng d
035 _a(Sirsi) u40019
041 _aeng
245 _aLiving under thatch
260 _c1996
350 _a0
490 _aIndependent
_vWeekend 22 June 1996, 20(1)
520 _aLooks positively at thatched roofs at a time when competition is driving thatching and insurance costs down. Refs.
650 _aCOSTS
650 _aNATIONAL SOCIETY OF THATCHED PROPERTY OWNERS
650 _aTHATCHED ROOFS
690 _aHOUSING
942 _n0
948 _c04/03/1997
999 _c25626
_d25626